|
|
|
|
| LEADER |
01534nam a2200337 u 4500 |
| 001 |
10061337 |
| 003 |
upatras |
| 005 |
20210117201058.0 |
| 008 |
070509s2006 us eng |
| 020 |
|
|
|a 1405115319
|
| 040 |
|
|
|a ΠΑΝΕΠΙΣΤΗΜΙΟ ΠΑΤΡΑΣ
|c ΠΑΝΕΠΙΣΤΗΜΙΟ ΠΑΤΡΑΣ
|
| 041 |
0 |
|
|a eng
|
| 082 |
0 |
4 |
|a 724
|
| 245 |
1 |
0 |
|a Architecture and design in Europe and America, 1750-2000
|c ; edited by Abigail Harrison- Moore and Dorothy C.Rowe
|
| 260 |
|
|
|a Malden, MA, Oxford
|b Blackwell
|c 2006
|
| 300 |
|
|
|a xix, 515 p.
|b fig.
|c 206 cm.
|
| 490 |
0 |
|
|a Blackwell anthologies in art history
|
| 504 |
|
|
|a Includes bibliography and index
|
| 650 |
|
4 |
|a Αρχιτεκτονική
|z Ευρώπη
|9 5897
|
| 650 |
|
4 |
|a Αρχιτεκτονική
|z Ηνωμένες Πολιτείες Αμερικής
|9 2670
|
| 650 |
|
4 |
|a Αρχιτεκτονικός σχεδιασμός
|9 8056
|
| 650 |
|
4 |
|a Αρχιτεκτονική
|y 18ος αι.
|9 7032
|
| 650 |
|
4 |
|a Αρχιτεκτονική
|y 20ός αιώνας
|9 6376
|
| 700 |
1 |
|
|a Harrison-Moore, Abigail
|4 edt
|9 54366
|
| 700 |
1 |
|
|a Rowe, Dorothy C.
|4 edt
|9 54367
|
| 760 |
0 |
|
|a Blackwell Anthologies in art history
|
| 852 |
|
|
|a GR-PaULI
|b ΠΑΤΡΑ
|b ΑΡΧΙΤΕΚΤΟΝΙΚΗ
|k ΑΣΧΞ-2
|h 724 HAR
|m 004897
|p 025000147935
|t 1
|
| 942 |
|
|
|2 ddc
|c BK15
|
| 952 |
|
|
|0 0
|1 0
|4 0
|6 724_000000000000000_HAR
|7 0
|9 59234
|a ARCH
|b ARCH
|d 2016-04-24
|i 004897
|l 4
|m 3
|o 724 HAR
|p 025000147935
|r 2017-11-21 00:00:00
|s 2017-11-06
|t 1
|w 2016-04-24
|y BK15
|
| 998 |
|
|
|c Λοτσάρη
|d 2007-05
|
| 999 |
|
|
|c 37690
|d 37690
|